Statistics for steelers players numbers

Click here to take the quiz!

General Stats

  • This quiz has been taken 447 times
  • The average score is 13 of 15

Answer Stats

HintAnswer% Correct
vick2
99%
ben7
99%
bell26
97%
brown84
97%
troy43
91%
shazier50
87%
jones3
85%
harrison92
85%
william gay22
81%
wheaton11
80%
bryant10
79%
mitchyell23
76%
williams34
67%
james81
67%
boykin25
66%

Score Distribution

Percentile by Number Answered

Percent of People with Each Score

Your Score History

You have not taken this quiz